01561nam a2200277 4500003000900000020001800009040002800027082001500055100002300070245014400093260004600237300006700283490002400350500003400374520036100408534003200769650005200801650005100853650006000904700003100964700003100995942001201026999001701038952011401055952011401169CO-ViMGA a9789583049835 aCO-ViMGAbspacCO-ViMGA04a301 bS24s1 aSeiler, Signe988210aEl ser humano /cSigne Seiler y Rainer Köthe ; ilustrador Jörn Henning ; traductor Rafael Díaz ; editor César Alberto Cardozo Tovar aBogotá :bPanamericana Editorial,c2015 a48 páginas ;b ilustraciones, fotografías en color ; 28 cm a Cómo y por qué aIncluye índice alfabético a "Más de 7000 millones de personas viven en la Tierra. Tenemos muchas cosas en común, pero también muchas que nos distinguen: vivimos en cabañas o en edificios altos, comemos fideos o espaguetis y hablamos distintos idiomas. ¿Cómo vivían los nómadas? ¿Como surgieron las ciudades? ¿Qué problemas genera el crecimiento de la población?" pTitulo originaltDer mensch14aDesarrollo humanov Preguntas y respuestas988514aRazasv Preguntas y respuestasx Historia988414aSeres humanos v Preguntas y respuestasx Historia98831 a Díaz, Rafael etr.98871 a Hennig, Jörn eil.9886 2ddccBK c37325d37325 00102ddc40708003aMEVIECARbMEVIECARd2020-04-15l0o301 S24sp33305r2020-04-15 00:00:00w2020-04-15yBK 00102ddc40708003aMEVIECARbMEVIECARd2020-04-15l0o301 S24sp33306r2020-04-15 00:00:00w2020-04-15yBK